000 00252nam a22001097a 4500
082 _a515.07 ROS'M
100 _aROSE, W.N
_938967
245 _aMATHEMATICS FOR ENGINEERS PT-II
260 _aLONDON
_bCHAPMAN & HALL
_c1949
300 _a425P
942 _cBK
999 _c579083
_d579083